000
00354nam a2200157Ia 4500
005
20250411015516.0
008
240331s9999 xx 000 0 und d
020
_a
9552003067
082
_b
SIR
_a
891
100
_a
Siriwardena,D
245
0
_a
Ayoma - II
260
_a
Colombo
_b
Godage & Sons
_c
1990
300
_a
340 p .,
650
_a
Novel
942
_c
L
999
_c
5451
_d
5451